Statistics. An introduction: (Record no. 5157)

MARC details
000 -LEADER
fixed length control field 00541nam a22002057a 4500
003 - CONTROL NUMBER IDENTIFIER
control field OSt
005 - DATE AND TIME OF LATEST TRANSACTION
control field 20160907122234.0
008 - FIXED-LENGTH DATA ELEMENTS--GENERAL INFORMATION
fixed length control field 160907b xxu||||| |||| 00| 0 eng d
020 ## - INTERNATIONAL STANDARD BOOK NUMBER
International Standard Book Number 9780495501343
020 ## - INTERNATIONAL STANDARD BOOK NUMBER
International Standard Book Number 0495501344
040 ## - CATALOGING SOURCE
Transcribing agency DDC.
082 ## - DEWEY DECIMAL CLASSIFICATION NUMBER
Classification number 519.5KIR 2008.
100 ## - MAIN ENTRY--PERSONAL NAME
Personal name Kirk,Roger E;
9 (RLIN) 11004
245 ## - TITLE STATEMENT
Title Statistics. An introduction:
260 ## - PUBLICATION, DISTRIBUTION, ETC. (IMPRINT)
Place of publication, distribution, etc. Austraria;
Name of publisher, distributor, etc. Thomas,
Date of publication, distribution, etc. 2008.
300 ## - PHYSICAL DESCRIPTION
Extent xv,649p;
Other physical details col,ill;
Dimensions 25cm.
504 ## - BIBLIOGRAPHY, ETC. NOTE
Bibliography, etc references and index are included.
650 ## - SUBJECT ADDED ENTRY--TOPICAL TERM
Topical term or geographic name as entry element Statistics.
9 (RLIN) 1274
942 ## - ADDED ENTRY ELEMENTS (KOHA)
Source of classification or shelving scheme Dewey Decimal Classification
Koha item type Open Shelf
Holdings
Withdrawn status Lost status Source of classification or shelving scheme Damaged status Not for loan Home library Current library Date acquired Source of acquisition Inventory number Total Checkouts Full call number Barcode Date last seen Date last checked out Price effective from Koha item type
    Dewey Decimal Classification     MUST Main Library MUST Main Library 07/09/2016   11/33384 3 519.5KIR 2008. 2016-4071 17/03/2023 04/03/2023 07/09/2016 Open Shelf